Konkurencieschopnosť - daňová a odvodová politika štátu

Hodnotenie konkurencieschopnosti Slovenska. Vývoj pozície SR v rebríčku konkurencieschopnosti Svetového ekonomického fóra. Zmeny odvodového a daňového zaťaženia. Konkurenčné výhody a nevýhody slovenskej ekonomiky.

Enregistré dans:
Détails bibliographiques
Auteur principal: Kufelová, Iveta, 1970-
Autres auteurs: Grisáková, Nora, 1978-
Format: Chapitre de livre
Langue:slovaque
Sujets:
Tags: Ajouter un tag
Pas de tags, Soyez le premier à ajouter un tag!

MARC

LEADER 00000nla a2200000 4500
001 0180596
005 20240603075224.9
041 0 |a slo 
044 |a SK 
245 1 0 |a Konkurencieschopnosť - daňová a odvodová politika štátu  |c Iveta Kufelová, Nora Grisáková 
520 |a Hodnotenie konkurencieschopnosti Slovenska. Vývoj pozície SR v rebríčku konkurencieschopnosti Svetového ekonomického fóra. Zmeny odvodového a daňového zaťaženia. Konkurenčné výhody a nevýhody slovenskej ekonomiky. 
610 2 0 |a konkurencieschopnosť 
610 2 0 |a konkurencia 
610 2 0 |a výhody konkurenčné 
610 2 0 |a politika daňová 
610 2 0 |a odvody 
610 2 0 |a Slovensko 
100 1 |a Kufelová, Iveta, 1970- 
700 1 |a Grisáková, Nora, 1978-